[Event "NATO-ch 32nd"]
[Site "Tartu"]
[Date "2022.06.28"]
[Round "3"]
[White "Sauer, Marko"]
[Black "Papasimakopoulos, Alexandros"]
[Result "0-1"]
[WhiteElo "2065"]
[BlackElo "2259"]
[PlyCount "102"]
[EventDate "2022.06.27"]
[EventType "swiss"]
[EventRounds "7"]
[EventCountry "EST"]
[SourceTitle "CBM 209 Extra"]
[Source "ChessBase"]
[SourceDate "2022.09.30"]
[SourceVersion "1"]
[SourceVersionDate "2022.09.30"]
[SourceQuality "1"]

1. e4 e6 2. d4 d5 3. Nc3 Bb4 4. Bd2 dxe4 5. Qg4 Qxd4 6. 0-0-0 f5 7. Qh4 Be7 8. Qg3 Bd6 9. Qh4 Bd7 10. Nb5 Qf6 11. Nxd6+ cxd6 12. Qg3 Nc6 13. Qxd6 0-0-0 14. Nh3 h6 15. Bc3 e5 16. Qa3 Qe7 17. Qa4 Qc5 18. Bb5 Nge7 19. Rd2 Nd5 20. Qb3 Nd4 21. Bxd4 exd4 22. Qc4 b6 23. Bxd7+ Rxd7 24. Rxd4 Qxc4 25. Rxc4+ Kb7 26. Rd1 g5 27. Rcd4 Kc6 28. Ng1 Rhd8 29. c4 Nb4 30. Rxd7 Rxd7 31. Rxd7 Kxd7 32. Ne2 Nd3+ 33. Kc2 Nxf2 34. b4 Ng4 35. Kc3 Nxh2 36. Kd4 Ng4 37. a4 Kc6 38. Nc3 e3 39. Ne2 h5 40. Kd3 f4 41. Ke4 Nh6 42. g3 fxg3 43. Nxg3 h4 44. Ne2 h3 45. Nd4+ Kd7 46. Kf3 g4+ 47. Kg3 Kd6 48. Ne2 Nf5+ 49. Kh2 Ke5 50. c5 bxc5 51. bxc5 Kd5 0-1

[Event "GER-ch Net blitz qual3"]
[Site "Playchess.com INT"]
[Date "2021.05.07"]
[Round "5"]
[White "Azimov, Stanislav"]
[Black "Sauer, Marko"]
[Result "1-0"]
[WhiteElo "1752"]
[BlackElo "1877"]
[PlyCount "71"]
[EventDate "2021.05.07"]
[EventType "swiss (blitz)"]
[EventRounds "11"]
[EventCountry "GER"]
[SourceTitle "CBM 202 Extra"]
[Source "ChessBase"]
[SourceDate "2021.07.31"]
[SourceVersion "1"]
[SourceVersionDate "2021.07.31"]
[SourceQuality "1"]

1. e4 c5 2. b4 cxb4 3. a3 e5 4. axb4 Bxb4 5. Nf3 Nc6 6. c3 Be7 7. Bb5 Nf6 8. d3 d6 9. h3 0-0 10. 0-0 a6 11. Bc4 b5 12. Bxb5 Bb7 13. Bc4 Na5 14. Ba2 Rc8 15. c4 Nc6 16. Nc3 Nb4 17. Be3 Nd7 18. Rb1 Qa5 19. Bb3 Nc5 20. Bxc5 Qxc5 21. Qe2 f5 22. Nd2 f4 23. Nf3 Rb8 24. Rfc1 Bc6 25. Nd5 Bxd5 26. cxd5 Qa7 27. Bc4 a5 28. Ra1 Rfc8 29. Nd2 Qb6 30. Nb3 Ra8 31. Ra4 Bd8 32. Qg4 Qb7 33. Qe6+ Qf7 34. Qxd6 f3 35. Qe6 fxg2 36. Kxg2 1-0

[Event "GER-ch Net blitz qual3"]
[Site "Playchess.com INT"]
[Date "2021.05.07"]
[Round "8"]
[White "Lenze, Thomas"]
[Black "Sauer, Marko"]
[Result "0-1"]
[WhiteElo "1668"]
[BlackElo "1877"]
[PlyCount "126"]
[EventDate "2021.05.07"]
[EventType "swiss (blitz)"]
[EventRounds "11"]
[EventCountry "GER"]
[SourceTitle "CBM 202 Extra"]
[Source "ChessBase"]
[SourceDate "2021.07.31"]
[SourceVersion "1"]
[SourceVersionDate "2021.07.31"]
[SourceQuality "1"]

1. e4 c5 2. Nc3 e6 3. Bc4 a6 4. a3 b5 5. Ba2 Bb7 6. d3 Qc7 7. Nf3 d6 8. 0-0 Nd7 9. Bf4 Rc8 10. Re1 Be7 11. Qd2 h6 12. Rad1 g5 13. Bg3 b4 14. Nb1 a5 15. c3 Qb6 16. h3 b3 17. c4 bxa2 18. Nc3 Qb3 19. Ra1 Ngf6 20. Nxa2 0-0 21. Nc3 Nh5 22. Bh2 e5 23. Nb5 Bc6 24. Rec1 Bxb5 25. Rc3 Qa4 26. b3 Bxc4 27. bxa4 Be6 28. Rcc1 Ra8 29. Rcb1 c4 30. Rb7 Rfc8 31. g4 Ng7 32. Rc1 cxd3 33. Rxc8+ Rxc8 34. Qxd3 Nc5 35. Qb5 Nxb7 36. Qxb7 Kf8 37. Kg2 Ne8 38. Bg3 Rc4 39. h4 Rxa4 40. hxg5 hxg5 41. Qb2 Rc4 42. Qb6 a4 43. Qb5 Rxe4 44. Nd2 Rxg4 45. f3 Rd4 46. Ne4 d5 47. Nf2 Rd2 48. Bxe5 Bxa3 49. Kg3 Be7 50. Qxa4 d4 51. Bxd4 Bd6+ 52. Kg2 g4 53. Be3 gxf3+ 54. Kxf3 Bd5+ 55. Ne4 Bxe4+ 56. Qxe4 Rd1 57. Qc6 Rf1+ 58. Ke2 Rf6 59. Qb5 Re6 60. Kf3 Rf6+ 61. Ke2 Re6 62. Kd3 Nf6 63. Qd5 Nxd5 0-1

[Event "GER-ch Net blitz qual3"]
[Site "Playchess.com INT"]
[Date "2021.05.07"]
[Round "6"]
[White "Sauer, Marko"]
[Black "Friedrich, Karl"]
[Result "0-1"]
[WhiteElo "1877"]
[BlackElo "1710"]
[PlyCount "94"]
[EventDate "2021.05.07"]
[EventType "swiss (blitz)"]
[EventRounds "11"]
[EventCountry "GER"]
[SourceTitle "CBM 202 Extra"]
[Source "ChessBase"]
[SourceDate "2021.07.31"]
[SourceVersion "1"]
[SourceVersionDate "2021.07.31"]
[SourceQuality "1"]

1. e4 e6 2. d4 d5 3. Nc3 Bb4 4. Bd2 c5 5. dxc5 d4 6. Na4 Qa5 7. b3 Bd7 8. Nb2 Bxd2+ 9. Qxd2 Qxd2+ 10. Kxd2 Nf6 11. f3 0-0 12. Rd1 e5 13. Nd3 Nc6 14. a3 Rfe8 15. Nb4 Ne7 16. g4 Ng6 17. g5 Nh5 18. Nd5 Rac8 19. b4 Nhf4 20. Nxf4 Nxf4 21. Ne2 Ng6 22. h4 b6 23. cxb6 axb6 24. Rc1 Ba4 25. c4 Rc7 26. h5 Nf8 27. Ng3 Rec8 28. Bd3 Bb3 29. Nf5 Ne6 30. Rhg1 Kf8 31. Nd6 Rd8 32. Nb5 Rcc8 33. g6 hxg6 34. hxg6 f6 35. Rh1 Ke7 36. Na7 Rc7 37. Nb5 Rcc8 38. Na7 Rc7 39. Nb5 Rb7 40. c5 bxc5 41. bxc5 Ra8 42. Nd6 Rc7 43. Nf5+ Kd7 44. Rh7 Rxa3 45. Nxg7 Kc6 46. Nxe6 Ra2+ 47. Ke1 Bxe6 0-1

[Event "GER-ch Net blitz qual3"]
[Site "Playchess.com INT"]
[Date "2021.05.07"]
[Round "11"]
[White "Sauer, Marko"]
[Black "Hunder, Frank"]
[Result "1/2-1/2"]
[WhiteElo "1877"]
[BlackElo "1627"]
[PlyCount "164"]
[EventDate "2021.05.07"]
[EventType "swiss (blitz)"]
[EventRounds "11"]
[EventCountry "GER"]
[SourceTitle "CBM 202 Extra"]
[Source "ChessBase"]
[SourceDate "2021.07.31"]
[SourceVersion "1"]
[SourceVersionDate "2021.07.31"]
[SourceQuality "1"]

1. e4 c5 2. d4 cxd4 3. c3 e6 4. cxd4 d5 5. e5 Nc6 6. Nc3 a6 7. Nf3 Qb6 8. Bd3 Nge7 9. 0-0 Ng6 10. Rb1 Be7 11. Be3 0-0 12. g3 Bd7 13. h4 f5 14. exf6 Bxf6 15. h5 Nh8 16. Na4 Qd8 17. Nc5 Qe7 18. Nxb7 Be8 19. Nc5 Bxh5 20. Be2 Nf7 21. Rc1 Ncd8 22. Nd3 Rb8 23. Nf4 Bxf3 24. Bxf3 Rxb2 25. Qd3 Ng5 26. Bg2 a5 27. Rc2 Qb4 28. Rfc1 Rxc2 29. Rxc2 Qe1+ 30. Qf1 Qxf1+ 31. Kxf1 Ne4 32. Bxe4 dxe4 33. Rc5 a4 34. Ra5 g5 35. Ne2 Nb7 36. Rxa4 Nd6 37. Ra6 Nc4 38. Rxe6 Bg7 39. Nc3 Nxe3+ 40. Ke2 Nf5 41. Rxe4 Bxd4 42. Nd5 Ra8 43. Kf3 Ra3+ 44. Kg4 Nh6+ 45. Kxg5 Ra4 46. Kxh6 Bg7+ 47. Kg5 Rxe4 48. f4 Re2 49. a4 Ra2 50. Ne7+ Kf7 51. Nf5 Rxa4 52. Nd6+ Ke7 53. Nb7 Ra3 54. g4 Kf7 55. f5 Bf6+ 56. Kf4 Ra4+ 57. Kf3 Bg5 58. Nc5 Ra3+ 59. Ke4 Kf6 60. Nd7+ Ke7 61. Nc5 Rc3 62. Nd3 Rc4+ 63. Kf3 Rd4 64. Ne5 Kf6 65. Nc6 Rd3+ 66. Ke4 Rc3 67. Nd4 Rc4 68. Kd5 Ra4 69. Ke4 Bh4 70. Kd3 Bf2 71. Nf3 Rxg4 72. Ke2 Ba7 73. Kd3 Kxf5 74. Ne1 Kf4 75. Ke2 h5 76. Nd3+ Ke4 77. Nb4 h4 78. Nc6 Bb6 79. Nb4 Kf4 80. Nd3+ Kg3 81. Ne5 Rg5 82. Kf1 Rxe5 1/2-1/2

[Event "NATO-ch 30th"]
[Site "Berlin"]
[Date "2019.09.17"]
[Round "3.27"]
[White "Glibert, Stephane"]
[Black "Sauer, Marko"]
[Result "1/2-1/2"]
[WhiteElo "1865"]
[BlackElo "2081"]
[PlyCount "127"]
[EventDate "2019.09.14"]
[EventType "team-swiss"]
[EventRounds "7"]
[EventCountry "GER"]
[SourceTitle "EXT 2020"]
[Source "ChessBase"]
[SourceDate "2019.10.17"]
[SourceVersion "1"]
[SourceVersionDate "2019.10.17"]
[SourceQuality "1"]
[WhiteTeam "Belgium"]
[BlackTeam "Germany"]
[WhiteTeamCountry "BEL"]
[BlackTeamCountry "GER"]

1. e4 c5 2. Nf3 e6 3. d4 cxd4 4. Nxd4 Nf6 5. Bd3 a6 6. 0-0 Qc7 7. Be3 b5 8. Nd2 Bb7 9. Qe2 d6 10. c3 Nbd7 11. N4b3 Nc5 12. Nxc5 dxc5 13. a4 c4 14. Bc2 Bc5 15. axb5 axb5 16. Bxc5 Qxc5 17. e5 Nd7 18. Rxa8+ Bxa8 19. Re1 0-0 20. Be4 Bxe4 21. Qxe4 Rc8 22. Nf3 h6 23. Ra1 Nb6 24. Qd4 Na4 25. Ra2 Qc7 26. Qe3 Qd7 27. Nd4 Rb8 28. f4 b4 29. Qd2 bxc3 30. bxc3 Rd8 31. Kf2 Nc5 32. Qe2 Nd3+ 33. Ke3 Qb7 34. Qd1 Nc5 35. Qf3 Qb1 36. Rd2 Qc1 37. Ke2 Nd3 38. Rxd3 cxd3+ 39. Kxd3 Rc8 40. Ne2 Qd1+ 41. Ke3 Rd8 42. Kf2 Qc2 43. Qc6 Rd2 44. Qc4 g6 45. h3 h5 46. g3 Rd3 47. h4 Rd1 48. Qc6 Qd2 49. Qc4 Rh1 50. Qe4 Rh2+ 51. Kf3 Qd1 52. Qc4 Qf1+ 53. Ke3 Qf2+ 54. Kd2 Qxg3 55. Qd4 Qxh4 56. c4 Qg4 57. Qe3 h4 58. c5 Qg2 59. Qd3 h3 60. Qd8+ Kh7 61. Qh4+ Kg7 62. Qf6+ Kf8 63. Qd8+ Kg7 64. Qf6+ 1/2-1/2

[Event "GER CupT 1819 prel8"]
[Site "Arnstadt"]
[Date "2019.01.26"]
[Round "1.1"]
[White "Schmid, Roland1111"]
[Black "Sauer, Marko"]
[Result "1-0"]
[WhiteElo "2288"]
[BlackElo "2086"]
[PlyCount "59"]
[EventDate "2019.01.26"]
[EventType "team-k.o."]
[EventRounds "2"]
[EventCountry "GER"]
[SourceTitle "EXT 2021"]
[Source "ChessBase"]
[SourceDate "2020.10.23"]
[SourceVersion "1"]
[SourceVersionDate "2020.10.23"]
[SourceQuality "1"]
[WhiteTeam "Regensburg Post/Sued"]
[BlackTeam "Arnstadt Stadtilm"]
[WhiteTeamCountry "GER"]
[BlackTeamCountry "GER"]

1. Nf3 d5 2. d4 c6 3. c4 e6 4. Qc2 f5 5. Bf4 Nf6 6. e3 Be7 7. Nc3 Ne4 8. Bd3 Nd7 9. g4 Qa5 10. gxf5 exf5 11. Ke2 Ndf6 12. Rhg1 g6 13. Ne5 Be6 14. c5 Nh5 15. f3 Nxf4+ 16. exf4 Nf6 17. Kf1 Bf7 18. Re1 Qc7 19. Rg2 Rf8 20. Rge2 Ng8 21. b4 0-0-0 22. b5 Be8 23. Qa4 Bf6 24. Qxa7 Ne7 25. Na4 Qb8 26. Nb6+ Kc7 27. Qa5 Bxe5 28. Rxe5 Nc8 29. Nxd5+ Kd7 30. Re7+ 1-0

[Event "NATO-ch 28th"]
[Site "Budapest"]
[Date "2017.03.29"]
[Round "4"]
[White "Sauer, Marko"]
[Black "Ladva, Ottomar"]
[Result "0-1"]
[WhiteElo "2107"]
[BlackElo "2529"]
[PlyCount "108"]
[EventDate "2017.03.27"]
[EventType "swiss"]
[EventRounds "7"]
[EventCountry "HUN"]
[SourceTitle "CBM 177 Extra"]
[Source "ChessBase"]
[SourceDate "2017.04.27"]
[SourceVersion "1"]
[SourceVersionDate "2017.04.27"]
[SourceQuality "1"]

1. c4 Nf6 2. Nc3 e6 3. d4 Bb4 4. a3 Bxc3+ 5. bxc3 c5 6. Qc2 Nc6 7. e3 b6 8. Nf3 0-0 9. Be2 Ba6 10. 0-0 Na5 11. dxc5 bxc5 12. Nd2 d5 13. Re1 Nxc4 14. Nxc4 Bxc4 15. Bxc4 dxc4 16. Rd1 Qb6 17. e4 Qb3 18. Qe2 Nxe4 19. Bh6 Rfd8 20. Re1 Nf6 21. Qf3 Rab8 22. Qg3 Ne8 23. Bf4 Rb7 24. Qg5 Qb6 25. h4 h6 26. Qe5 Rd5 27. Qe4 Qa6 28. Re3 Nf6 29. Qf3 Rf5 30. Re5 Rxe5 31. Bxe5 Nd5 32. Re1 Qb5 33. Qg4 f5 34. Qg6 Qd7 35. Kh2 Qf7 36. Qg3 Kh7 37. f3 Rb3 38. Qf2 Qe7 39. a4 Nxc3 40. Rc1 Nxa4 41. Rxc4 Rb4 42. Qa2 Nb6 43. Rc1 Qxh4+ 44. Kg1 Qe7 45. Rd1 Nd5 46. Qa6 c4 47. Ra1 Qc5+ 48. Kh1 c3 49. Qxe6 Rh4+ 50. Bh2 Nf4 51. Qe1 Rh5 52. Rc1 Nd3 53. Qxc3 Nf2+ 54. Kg1 Nh3+ 0-1

[Event "NATO-ch 27th"]
[Site "Shrivenham"]
[Date "2016.08.24"]
[Round "4"]
[White "Sauer, Marko"]
[Black "Lejnieks, Roberts"]
[Result "1-0"]
[WhiteElo "2137"]
[BlackElo "1795"]
[PlyCount "31"]
[EventDate "2016.08.22"]
[EventType "swiss"]
[EventRounds "7"]
[EventCountry "ENG"]
[SourceTitle "EXT 2018"]
[Source "ChessBase"]
[SourceDate "2017.10.13"]
[SourceVersion "1"]
[SourceVersionDate "2017.10.13"]
[SourceQuality "1"]

1. e4 e6 2. d4 d5 3. Nc3 Bb4 4. Bd2 Nc6 5. Qg4 Nxd4 6. Qxg7 Nxc2+ 7. Kd1 Nxa1 8. Qxh8 Kd7 9. exd5 c6 10. dxe6+ fxe6 11. Qd4+ Bd6 12. Nf3 Kc7 13. Ne4 e5 14. Nxe5 Bxe5 15. Qxe5+ Kb6 16. Qa5# 1-0

[Event "GER-ch Army 15th"]
[Site "Stadtallendorf"]
[Date "2004.??.??"]
[Round "6"]
[White "Sauer, Marko"]
[Black "Schmitz, Paul"]
[Result "1-0"]
[WhiteElo "1825"]
[BlackElo "1694"]
[PlyCount "53"]
[EventDate "2004.05.10"]
[EventType "swiss"]
[EventRounds "6"]
[EventCountry "GER"]
[SourceTitle "EXT 2006"]
[Source "ChessBase"]
[SourceDate "2005.11.24"]
[SourceVersion "1"]
[SourceVersionDate "2005.11.24"]
[SourceQuality "1"]

1. e4 c5 2. Nf3 Nc6 3. d4 cxd4 4. Nxd4 Nf6 5. Nc3 a6 6. Be3 e5 7. Nb3 Bb4 8. Bc4 Bxc3+ 9. bxc3 0-0 10. Bc5 Re8 11. 0-0 b5 12. Bd5 Nxd5 13. exd5 Ne7 14. d6 Ng6 15. a4 Bb7 16. Qg4 Bc6 17. axb5 axb5 18. Rxa8 Qxa8 19. Ra1 Qb7 20. Ra7 Qc8 21. Na5 Re6 22. Bb4 h5 23. Qd1 Nf4 24. Rc7 Qd8 25. Nxc6 dxc6 26. d7 Qg5 27. d8Q+ 1-0